Southville International School and Colleges
Your cart is empty.
  • Cart
  • Lists
    Public lists Eva Luna New books Lux_list list_1
    Your lists Log in to create your own lists
  • Log in to your account
  • Your cookies
  • Search history
Southville International School and Colleges
  • Advanced search
  • Recent comments
  • Most popular
  • Libraries

Log in to your account

Log in with GOOGLE


If you do not have an external account, but do have a local account, you can still log in:

  1. Home
  2. MARC view: Facilitating human learning /
Normal view MARC view ISBD view

Facilitating human learning / (Record no. 115695)

[ view plain ]
MARC details
000 -LEADER
fixed length control field 00718nam a2200217Ia 4500
008 - FIXED-LENGTH DATA ELEMENTS--GENERAL INFORMATION
fixed length control field 140429s9999 xx 000 0 und d
020 ## - INTERNATIONAL STANDARD BOOK NUMBER
International Standard Book Number 9789712353550
050 ## - LIBRARY OF CONGRESS CALL NUMBER
Classification number LB 1060
Item number .Aq657 2009
100 ## - MAIN ENTRY--PERSONAL NAME
Personal name Aquino, Avelina M.
245 ## - TITLE STATEMENT
Title Facilitating human learning /
Statement of responsibility, etc Avelina M. Aquino.
260 ## - PUBLICATION, DISTRIBUTION, ETC. (IMPRINT)
Place of publication, distribution, etc Manila :
Name of publisher, distributor, etc Rex Book Store,
Date of publication, distribution, etc c2009.
300 ## - PHYSICAL DESCRIPTION
Extent 392 p. :
Dimensions 26 cm.
440 ## - SERIES STATEMENT/ADDED ENTRY--TITLE
Title (Teacher Education Academic Resources for College and Higher Education Students Series).
500 ## - GENERAL NOTE
General note Includes bibliographical references and index.
521 ## - TARGET AUDIENCE NOTE
Target audience note
650 ## - SUBJECT ADDED ENTRY--TOPICAL TERM
Topical term or geographic name as entry element Learning
General subdivision Physiological aspects.
650 ## - SUBJECT ADDED ENTRY--TOPICAL TERM
Topical term or geographic name as entry element Learning, Psychology of.
650 ## - SUBJECT ADDED ENTRY--TOPICAL TERM
Topical term or geographic name as entry element Social learning.
942 ## - ADDED ENTRY ELEMENTS (KOHA)
Call number prefix Local
Koha item type Books
Holdings
Withdrawn status Lost status Source of classification or shelving scheme Damaged status Home library Current library Shelving location Date acquired Source of acquisition Total Checkouts Full call number Barcode Date last seen Price effective from Koha item type Sub Shelving location Total Renewals Date checked out
    Library of Congress Classification   Archives Archives   04/29/2014 Donation   LB 1060 .Aq657 2009 C16815 05/08/2018 04/29/2014 Books      
    Library of Congress Classification   College Library College Library Filipiniana Section 11/12/2015 Library Fund 1 LB 1060 .Aq657 2009 C11826 05/08/2018 11/12/2015 Books   14 07/05/2016

Facilitating human learning /

APA

Aquino A. M., . (2009). Facilitating human learning. Manila: Rex Book Store.

Chicago

Aquino Avelina M, . 2009. Facilitating human learning. Manila: Rex Book Store.

Harvard

Aquino A. M., . (2009). Facilitating human learning. Manila: Rex Book Store.

MLA

Aquino Avelina M, . Facilitating human learning. Manila: Rex Book Store. 2009.

  • Place hold
  • Print
  • Cite
  • Add to your cart (remove)
  • Save record
    BIBTEX Dublin Core MARCXML MARC (non-Unicode/MARC-8) MARC (Unicode/UTF-8) MARC (Unicode/UTF-8, Standard) MODS (XML) RIS
  • More searches
    Search for this title in:
    Other Libraries (WorldCat) Other Databases (Google Scholar) Online Stores (Bookfinder.com) Open Library (openlibrary.org)

Exporting to Dublin Core...

SOUTHVILLE LIBRARY

Southville International School and Colleges Library

1281 Tropical Ave. Cor. Luxembourg St., BF Homes International, Las Pinas City

Tel. No. 8256374 / 252358 Loc. 117/146

Powered by Koha